00975nam a2200241 a 450000100060000000300080000600500170001400800400003103500190007104000360009004100080012608200220013410000380015624501190019426000640031330000250037750500230040265000170042594200120044299900170045495201290047195201330060029913BD-RjUL20211209051500.0720803s1962 uk 000 1eng  a(BD-RjUL)29998 aDLCcODaWUdOCoLCdBD-RjULbeng aeng a160bJOT 19622231 aJørgensen, Jørgen,d1894-9377712aA treatise of formal logic :b its evolution and main branches, with its relations to mathematics and philosophy / aNew York :bRussell & Russell,c1925-1931 [Reprinted 1962 ] aV. :bill. ;c24 cm.0 aVol. 1 -- v. 3 --  0aLogic991004 2ddccBK c29913d29913 00102ddc40708NFICaRUCLbRUCLcStackd1985-06-11eHefferl0o160 JOT V-1 1962r2014-04-08 00:00:00tC-2w2021-12-09yBK 00102ddc40708NFICaRUCLbRUCLcStackd1985-06-11eAnil helferl0o160 JOT V-3 1962r2016-12-05 00:00:00tC-2w2016-12-05yBK